Statistics for Rhymes For US States

Click here to take the quiz!

General Stats

  • This quiz has been taken 23 times
  • The average score is 8 of 16

Answer Stats

HintAnswer% Correct
Bee
79%
Boy
79%
Hand
74%
MIA chap with more money.Richer
63%
ILA daft lad.Silly
63%
Man
58%
Voter
58%
INA medieval estate that's subject to draughty weather.Windy
58%
MNA thin person who goes to make their X when there's an election.Skinny
53%
MDThe extremity of an elf's arm.Fairy
47%
Talk
47%
Manor
37%
TNAn insect that makes honey, but poses a significant threat or danger.Menace
26%
NVWhat you do when somebody steps into the road and you have to turn the steering wheel more than you first think.Swerve
26%
Harder
16%
NYThe conversations that ensue between tiny rodents (the favourite snack of owls)Shrew
16%

Score Distribution

Percentile by Number Answered

Percent of People with Each Score

Your Score History

You have not taken this quiz